[Event "5u Open Internaziunale di Purtichju"]
[Site "?"]
[Date "2018.06.30"]
[Round "1.1"]
[White "Fressinet, Laurent"]
[Black "Janzelj, Lara"]
[Result "1-0"]
[WhiteElo "2649"]
[BlackElo "2220"]
[PlyCount "69"]
[EventDate "2018.??.??"]

1. Nf3 d5 2. g3 Nf6 3. Bg2 c6 4. O-O Bg4 5. c4 e6 6. d3 Bd6 7. Qb3 Qc7 8. cxd5
exd5 9. e4 Nbd7 10. Nc3 dxe4 11. dxe4 O-O 12. Be3 a6 13. Rac1 c5 14. Qc2 Rab8
15. h3 Bxf3 16. Bxf3 b5 17. Bg2 c4 18. f4 Bc5 19. Bxc5 Nxc5 20. e5 Nfd7 21. Nd5
Qd8 22. Rcd1 Nd3 23. Kh2 Nb6 24. Nc3 Qe7 25. Be4 Rfd8 26. Bxd3 cxd3 27. Rxd3
Rxd3 28. Qxd3 Nc4 29. b3 Rd8 30. Nd5 Qe6 31. Rd1 Ne3 32. Ne7+ Qxe7 33. Qxd8+
Qf8 34. Qxf8+ Kxf8 35. Rd6 1-0

[Event "5u Open Internaziunale di Purtichju"]
[Site "?"]
[Date "2018.06.30"]
[Round "1.2"]
[White "Decosse, Jean-Fabien"]
[Black "Krasenkow, Michal"]
[Result "0-1"]
[WhiteElo "2210"]
[BlackElo "2631"]
[PlyCount "99"]
[EventDate "2018.??.??"]

1. d4 d6 2. c4 e5 3. Nf3 e4 4. Nfd2 f5 5. f4 g5 6. e3 h5 7. Be2 Nf6 8. Nf1 g4
9. b4 d5 10. c5 b6 11. Bb2 a5 12. a3 axb4 13. axb4 Rxa1 14. Bxa1 c6 15. Bc3 Rh7
16. Qa4 Rb7 17. Nbd2 Qd7 18. cxb6 Rxb6 19. Nb3 Bxb4 20. Bxb4 Qb7 21. Nc5 Rxb4
22. Nxb7 Rxa4 23. Nd6+ Kd7 24. Nxc8 Kxc8 25. Ng3 Ra1+ 26. Bd1 Na6 27. Nxf5 Nb4
28. O-O Nd3 29. h3 Ra3 30. hxg4 hxg4 31. Kh2 Nb2 32. Kg3 Nc4 33. Bxg4 Nxg4 34.
Kxg4 Rxe3 35. Kh5 Re2 36. g4 e3 37. Nh4 Rh2 38. g5 Nd2 39. Rc1 Nf3 40. Kg4 Nxh4
41. Kg3 Rf2 42. Kxh4 Rxf4+ 43. Kh5 Rxd4 44. g6 Rd2 45. Rg1 Rh2+ 46. Kg5 Rh8 47.
g7 Rg8 48. Kf4 e2 49. Ke3 Rxg7 50. Kd4 0-1

[Event "5u Open Internaziunale di Purtichju"]
[Site "?"]
[Date "2018.06.30"]
[Round "1.3"]
[White "Maze, Sebastien"]
[Black "Jaksland, Tim"]
[Result "1-0"]
[WhiteElo "2622"]
[BlackElo "2202"]
[PlyCount "55"]
[EventDate "2018.??.??"]

1. e4 c5 2. Nf3 e6 3. d4 cxd4 4. Nxd4 Nc6 5. Nc3 Qc7 6. f4 a6 7. Nxc6 Qxc6 8.
Be2 b5 9. Bf3 Bb7 10. Qd3 Rc8 11. Be3 b4 12. e5 Qc7 13. Bxb7 Qxb7 14. Ne4 f5
15. exf6 Nxf6 16. Nxf6+ gxf6 17. O-O-O Bc5 18. Bxc5 Rxc5 19. Rhe1 Qc7 20. Kb1
a5 21. Re4 f5 22. Rd4 d5 23. Re1 Kd7 24. g4 Rf8 25. Qh3 Rxc2 26. gxf5 Rxf5 27.
Rxd5+ Kc6 28. Rxf5 {Kd5} 1-0

[Event "5u Open Internaziunale di Purtichju"]
[Site "?"]
[Date "2018.06.30"]
[Round "1.4"]
[White "Drei, Andrea"]
[Black "Fridman, Daniel"]
[Result "1-0"]
[WhiteElo "2180"]
[BlackElo "2610"]
[PlyCount "85"]
[EventDate "2018.??.??"]

1. e4 c6 2. Nc3 d5 3. Nf3 Nf6 4. e5 Ne4 5. d4 Nxc3 6. bxc3 e6 7. Bd3 Be7 8. h4
h6 9. h5 b6 10. Rh3 Ba6 11. Rg3 Bf8 12. a4 Bxd3 13. Qxd3 Nd7 14. c4 Qc7 15. Kf1
Qb7 16. cxd5 cxd5 17. Ba3 Rc8 18. Nh4 Qc6 19. Bxf8 Kxf8 20. Ng6+ fxg6 21. Qxg6
Qc4+ 22. Kg1 Qxd4 23. Qxg7+ Ke8 24. Qxh8+ Nf8 25. Rf1 Rc7 26. Rf3 Rf7 27. Rxf7
Kxf7 28. Qf6+ Ke8 29. Qxh6 Qxe5 30. g4 Qd4 31. Qg5 e5 32. Qf5 Ke7 33. h6 e4 34.
h7 Qg7 35. h8=Q Qxh8 36. Qxd5 Qh4 37. Qxe4+ Kf7 38. Qf5+ Kg7 39. Qe5+ Kg8 40.
Rd1 Ng6 41. Qe6+ Kg7 42. Rd7+ Kh6 43. Rd6 1-0

[Event "5u Open Internaziunale di Purtichju"]
[Site "?"]
[Date "2018.06.30"]
[Round "1.5"]
[White "Zhigalko, Sergei"]
[Black "Haussernot, Cecile"]
[Result "1-0"]
[WhiteElo "2610"]
[BlackElo "2178"]
[PlyCount "43"]
[EventDate "2018.??.??"]

1. e4 c5 2. Nf3 d6 3. d4 cxd4 4. Qxd4 a6 5. Bc4 Nc6 6. Qd3 Nf6 7. Nc3 Bg4 8.
Bb3 Bxf3 9. Qxf3 g6 10. Bg5 Bg7 11. O-O-O O-O 12. h4 h5 13. Kb1 Rc8 14. Qg3 Ne5
15. f4 Neg4 16. e5 Nh7 17. Rxd6 exd6 18. Bxd8 Rfxd8 19. Nd5 Kf8 20. Qe1 Rc6 21.
Qb4 b5 22. Re1 1-0

[Event "5u Open Internaziunale di Purtichju"]
[Site "?"]
[Date "2018.06.30"]
[Round "1.6"]
[White "Stewart, Ashley"]
[Black "Lagarde, Maxime"]
[Result "0-1"]
[WhiteElo "2176"]
[BlackElo "2609"]
[PlyCount "76"]
[EventDate "2018.??.??"]

1. c4 e5 2. g3 Nc6 3. Nc3 Bc5 4. Bg2 a6 5. e3 Ba7 6. Nf3 d6 7. d4 Bd7 8. b3 f5
9. O-O Nf6 10. Bb2 e4 11. Ne1 O-O 12. f3 exf3 13. Qxf3 Qe7 14. Nd3 Rae8 15.
Rae1 Nd8 16. Nf4 c6 17. Qd1 g5 18. Nh3 Qg7 19. Kh1 Qh6 20. Nf2 Re7 21. e4 f4
22. gxf4 gxf4 23. Bf3 Nf7 24. Rg1+ Kh8 25. c5 dxc5 26. e5 cxd4 27. exf6 Rxe1
28. Qxe1 dxc3 29. Bxc3 Be3 30. Rg2 Rg8 31. Ng4 Bxg4 32. Bxg4 Rg5 33. Qe2 Rc5
34. Qb2 Rd5 35. Qe2 Qg6 36. Qb2 Qe4 37. h3 f3 38. Rf2 Rd1+ 0-1

[Event "5u Open Internaziunale di Purtichju"]
[Site "?"]
[Date "2018.06.30"]
[Round "1.7"]
[White "Baryshpolets, Andrey"]
[Black "Lever, Erwan"]
[Result "1-0"]
[WhiteElo "2603"]
[BlackElo "2174"]
[PlyCount "67"]
[EventDate "2018.??.??"]

1. d4 Nf6 2. c4 g6 3. Nc3 d5 4. cxd5 Nxd5 5. e4 Nxc3 6. bxc3 Bg7 7. Nf3 c5 8.
Be3 Qa5 9. Qd2 Nc6 10. Rb1 a6 11. Rc1 cxd4 12. cxd4 Qxd2+ 13. Kxd2 O-O 14. d5
Rd8 15. Ke1 Nb4 16. Bd2 a5 17. a3 Bb2 18. axb4 Bxc1 19. Bxc1 axb4 20. Bc4 Ra1
21. Kd2 f5 22. d6+ Kf8 23. Kc2 Ke8 24. dxe7 Rd6 25. Kb2 Ra5 26. Re1 Be6 27. e5
Rc6 28. Bxe6 Rxe6 29. Bg5 h6 30. Bf6 Rd5 31. h3 g5 32. g4 f4 33. Re4 b3 34. Rd4
1-0

[Event "5u Open Internaziunale di Purtichju"]
[Site "?"]
[Date "2018.06.30"]
[Round "1.8"]
[White "Marie, Maxime"]
[Black "Cornette, Matthieu"]
[Result "0-1"]
[WhiteElo "2173"]
[BlackElo "2597"]
[PlyCount "48"]
[EventDate "2018.??.??"]

1. c4 b6 2. e4 Bb7 3. Nc3 e5 4. g3 f5 5. Bg2 Nf6 6. d3 fxe4 7. Nge2 Bc5 8. O-O
O-O 9. h3 Rf7 10. g4 Nc6 11. dxe4 Ne8 12. Nd5 Nd6 13. Qd3 Ba6 14. b3 b5 15. Ne3
bxc4 16. Nxc4 Nxc4 17. bxc4 Na5 18. Ba3 Bxc4 19. Qc3 Bb6 20. Ng3 Bxf1 21. Rxf1
Nc6 22. Nf5 Kh8 23. Qc4 Qe8 24. h4 Qe6 0-1

[Event "5u Open Internaziunale di Purtichju"]
[Site "?"]
[Date "2018.07.01"]
[Round "2.1"]
[White "Kirk, Ezra"]
[Black "Fressinet, Laurent"]
[Result "0-1"]
[WhiteElo "2421"]
[BlackElo "2649"]
[PlyCount "58"]
[EventDate "2018.??.??"]

1. e4 c6 2. d4 d5 3. e5 Bf5 4. Nf3 e6 5. Be2 Ne7 6. O-O Ng6 7. b3 Nd7 8. c4 f6
9. cxd5 exd5 10. Bd3 Bxd3 11. Qxd3 fxe5 12. dxe5 Nc5 13. Qf5 Be7 14. Re1 Qc8
15. e6 Bf6 16. Ng5 O-O 17. Qc2 Nxe6 18. Rxe6 Bxg5 19. Rxg6 Bxc1 20. Rg3 Bf4 21.
Rh3 Qf5 22. Qxf5 Rxf5 23. Nc3 Re8 24. Rf3 Rfe5 25. g3 Bd2 26. Rd3 Re1+ 27. Rxe1
Rxe1+ 28. Kg2 Bxc3 29. Rxc3 Kf7 0-1

[Event "5u Open Internaziunale di Purtichju"]
[Site "?"]
[Date "2018.07.01"]
[Round "2.2"]
[White "Krasenkow, Michal"]
[Black "Solomon, Kenny"]
[Result "1-0"]
[WhiteElo "2631"]
[BlackElo "2419"]
[PlyCount "83"]
[EventDate "2018.??.??"]

1. Nf3 Nf6 2. c4 e6 3. Nc3 c5 4. g3 b6 5. e4 Bb7 6. d3 d6 7. Bg2 Be7 8. O-O O-O
9. b3 a6 10. Bb2 Qc7 11. Rc1 Re8 12. h3 Nbd7 13. Ne1 Ne5 14. Nc2 Rac8 15. f4
Nc6 16. g4 Nd7 17. g5 Nd4 18. Nxd4 cxd4 19. Ne2 e5 20. h4 b5 21. Ng3 bxc4 22.
bxc4 Rb8 23. Rc2 Nc5 24. Rcf2 Rf8 25. f5 f6 26. Bc1 Bd8 27. Nh5 Bc6 28. Rf3 Rb1
29. Rg3 fxg5 30. hxg5 Be8 31. Qg4 g6 32. Nf6+ Bxf6 33. gxf6 Rxf6 34. Bg5 Rxf1+
35. Bxf1 Rf7 36. Bh6 Kh8 37. Qh4 Qb6 38. fxg6 Rxf1+ 39. Kxf1 Qb1+ 40. Kg2 Qc2+
41. Kg1 Qd1+ 42. Kh2 1-0

[Event "5u Open Internaziunale di Purtichju"]
[Site "?"]
[Date "2018.07.01"]
[Round "2.3"]
[White "Bulmaga, Irina"]
[Black "Maze, Sebastien"]
[Result "1/2-1/2"]
[WhiteElo "2419"]
[BlackElo "2622"]
[PlyCount "87"]
[EventDate "2018.??.??"]

1. e4 c6 2. Nc3 d5 3. Nf3 Bg4 4. Be2 e6 5. h3 Bh5 6. d4 Nd7 7. O-O Bb4 8. e5
Bxf3 9. Bxf3 Ne7 10. Ne2 O-O 11. Ng3 Ba5 12. Bg4 c5 13. c3 cxd4 14. cxd4 Nc6
15. Nh5 Qe7 16. Be3 g6 17. Nf4 Nb6 18. b3 Rfc8 19. h4 Nd7 20. h5 Nf8 21. g3 Nb4
22. hxg6 hxg6 23. Kg2 Nc2 24. Rc1 Nxe3+ 25. fxe3 Rxc1 26. Qxc1 Qg5 27. Be2 Nh7
28. Rh1 Qd8 29. Bd3 Qf8 30. Qd1 Qg7 31. Qg4 Nf8 32. a3 Rd8 33. b4 Bb6 34. a4 a5
35. b5 Rd7 36. Rc1 Rd8 37. Qg5 Re8 38. Nh3 Nh7 39. Qg4 Qh6 40. Nf4 Nf8 41. Rh1
Qg7 42. Rc1 Qh6 43. Rh1 Qg7 44. Rc1 1/2-1/2

[Event "5u Open Internaziunale di Purtichju"]
[Site "?"]
[Date "2018.07.01"]
[Round "2.4"]
[White "Yankelevich, Lev"]
[Black "Zhigalko, Sergei"]
[Result "0-1"]
[WhiteElo "2411"]
[BlackElo "2610"]
[PlyCount "76"]
[EventDate "2018.??.??"]

1. e4 c5 2. Nf3 d6 3. Bb5+ Nd7 4. Ba4 Ngf6 5. O-O a6 6. c4 g6 7. Nc3 Bg7 8. d3
O-O 9. h3 Nb6 10. Bb3 e5 11. a3 Nh5 12. Ba2 Nf4 13. b4 g5 14. Ne1 Nd7 15. Nc2
Nb8 16. Be3 b6 17. bxc5 bxc5 18. Nd5 Nc6 19. Rb1 Be6 20. Bb3 f5 21. Ba4 Ne7 22.
Rb7 Nexd5 23. cxd5 Bc8 24. Rb3 Kh8 25. f3 h5 26. Bd2 g4 27. Ne3 gxh3 28. g3 h4
29. gxf4 exf4 30. Kh1 fxe3 31. Bxe3 Qf6 32. Rb6 fxe4 33. dxe4 Bg4 34. Bxc5
Bxf3+ 35. Rxf3 Qxf3+ 36. Qxf3 Rxf3 37. Bxd6 Rd8 38. Rxa6 Rxd6 0-1

[Event "5u Open Internaziunale di Purtichju"]
[Site "?"]
[Date "2018.07.01"]
[Round "2.5"]
[White "Lagarde, Maxime"]
[Black "Trent, Lawrence"]
[Result "1-0"]
[WhiteElo "2609"]
[BlackElo "2406"]
[PlyCount "51"]
[EventDate "2018.??.??"]

1. e4 e5 2. Nf3 Nc6 3. Bc4 Bc5 4. d3 Nf6 5. Nc3 O-O 6. a3 Nd4 7. Nxe5 d6 8. Nf3
Bg4 9. Be3 Nd7 10. h3 Bxf3 11. gxf3 Qh4 12. Kf1 c6 13. f4 Rae8 14. Ba2 b5 15.
Ne2 Ne6 16. d4 Bb6 17. c3 Nf6 18. Ng3 g6 19. Qf3 c5 20. Rd1 cxd4 21. cxd4 Ng7
22. e5 Nfh5 23. Nxh5 Nxh5 24. Rg1 Kh8 25. f5 Bd8 26. f6 1-0

[Event "5u Open Internaziunale di Purtichju"]
[Site "?"]
[Date "2018.07.01"]
[Round "2.6"]
[White "Tomazini, Zan"]
[Black "Baryshpolets, Andrey"]
[Result "1-0"]
[WhiteElo "2408"]
[BlackElo "2603"]
[PlyCount "53"]
[EventDate "2018.??.??"]

1. e4 c5 2. Nf3 Nc6 3. c3 d5 4. exd5 Qxd5 5. d4 Bf5 6. Be2 Nf6 7. c4 Qd7 8. d5
Nb4 9. Na3 g6 10. Ne5 Qc8 11. g4 Bd7 12. g5 Ne4 13. Nxd7 Qxd7 14. Bg4 Qc7 15.
Qa4+ Kd8 16. O-O f5 17. gxf6 Nxf6 18. Be6 a6 19. Nb5 Qb8 20. Nc3 Nd3 21. Bg5
Nxb2 22. Qb3 Nd3 23. Rad1 Nf4 24. Rfe1 Qd6 25. Ne4 Nxe4 26. Rxe4 Nh5 27. Qb2
1-0

[Event "5u Open Internaziunale di Purtichju"]
[Site "?"]
[Date "2018.07.01"]
[Round "2.7"]
[White "Cornette, Matthieu"]
[Black "Fantinel, Thibault"]
[Result "1-0"]
[WhiteElo "2597"]
[BlackElo "2396"]
[PlyCount "63"]
[EventDate "2018.??.??"]

1. e4 c5 2. Nf3 Nc6 3. Bb5 g6 4. Bxc6 bxc6 5. O-O Bg7 6. Re1 Nh6 7. c3 O-O 8.
h3 d6 9. d4 Qb6 10. dxc5 Qxc5 11. Be3 Qh5 12. Nbd2 f6 13. c4 Nf7 14. c5 f5 15.
exf5 Qxf5 16. cxd6 exd6 17. Bd4 c5 18. Bxg7 Kxg7 19. Qb3 d5 20. Nf1 Rd8 21.
Rac1 c4 22. Qc3+ Qf6 23. Nd4 Nd6 24. f3 a6 25. Rcd1 Bd7 26. Ne3 Nb5 27. Nxb5
axb5 28. Qxf6+ Kxf6 29. Nxd5+ Kf7 30. Nb6 Ra7 31. Re4 Rb7 32. Rd6 1-0

[Event "5u Open Internaziunale di Purtichju"]
[Site "?"]
[Date "2018.07.01"]
[Round "2.8"]
[White "Beshukov, Sergei"]
[Black "Deac, Bogdan-Daniel"]
[Result "0-1"]
[WhiteElo "2402"]
[BlackElo "2582"]
[PlyCount "106"]
[EventDate "2018.??.??"]

1. Nf3 d5 2. g3 g6 3. Bg2 Bg7 4. d4 Nf6 5. c4 O-O 6. O-O dxc4 7. Na3 Nc6 8.
Nxc4 Be6 9. b3 Bd5 10. Bb2 a5 11. Rc1 a4 12. bxa4 Ra6 13. a3 Qa8 14. Ne3 Be4
15. Ne5 Bxg2 16. Kxg2 Rd8 17. Qb3 e6 18. Nxc6 bxc6 19. Kg1 Rb8 20. Qc2 Rxa4 21.
Rb1 Nd7 22. Nc4 h5 23. h4 Rb5 24. Rfd1 Qa6 25. Ne5 Nxe5 26. dxe5 Rb8 27. e3 Bf8
28. Kg2 c5 29. Bc1 Qc6+ 30. Kg1 Rba8 31. Rd2 Be7 32. Bb2 Rg4 33. Rd4 Qf3 34.
Rxg4 Qxg4 35. Ra1 Qa4 36. Qxa4 Rxa4 37. Rd1 Kf8 38. Kf1 Ke8 39. Ke2 c4 40. Rc1
c6 41. Rc3 Bd8 42. Rc1 c5 43. Rd1 Bc7 44. f4 Ke7 45. Kd2 Kd7 46. Kc2+ Kc6 47.
Ra1 Ra8 48. a4 Ba5 49. Bc3 Bb4 50. Bb2 Rd8 51. Rd1 Rxd1 52. Kxd1 Kb6 53. e4 Ka5
0-1

[Event "5u Open Internaziunale di Purtichju"]
[Site "?"]
[Date "2018.07.01"]
[Round "3.2"]
[White "Nihal Sarin"]
[Black "Krasenkow, Michal"]
[Result "1/2-1/2"]
[WhiteElo "2551"]
[BlackElo "2631"]
[PlyCount "120"]
[EventDate "2018.??.??"]

1. d4 g6 2. c4 Bg7 3. Nf3 d6 4. Nc3 e5 5. e4 Bg4 6. d5 Nd7 7. Be2 Bxf3 8. Bxf3
h5 9. h4 a5 10. g3 Bh6 11. Kf1 Nc5 12. Kg2 Kf8 13. b3 Bxc1 14. Rxc1 Qd7 15. Re1
Kg7 16. Qd2 Nh6 17. Bd1 f5 18. exf5 Nxf5 19. Bc2 Rhf8 20. Ne4 Nxe4 21. Bxe4 b6
22. a4 Rf6 23. Rc3 Raf8 24. f3 Qf7 25. Qg5 Kg8 26. Rd3 Qg7 27. Rh1 R6f7 28. Re1
Ne7 29. Rc3 Qf6 30. Rd3 Qxg5 31. hxg5 Nf5 32. Rh1 Kg7 33. Rc3 Rh8 34. Rh3 Rff8
35. Rh1 Rh7 36. Rh3 Rfh8 37. Rh4 Nxh4+ 38. gxh4 Rf8 39. Kg3 Rf4 40. Re3 Rh8 41.
Re2 Kf7 42. Re3 Rg8 43. Re2 Ke7 44. Re3 Kd7 45. Re2 Rgf8 46. Re3 Rxe4 47. Rxe4
c6 48. dxc6+ Kxc6 49. Re3 Re8 50. Rd3 Rf8 51. Re3 Rf4 52. Rd3 Rf5 53. Rd1 Rf7
54. Rd3 Re7 55. Rd1 Rf7 56. Rd3 Rf4 57. Rd1 Rf7 58. Rd3 Rf4 59. Rd1 Rf7 60. Rd3
Rf4 1/2-1/2

[Event "5u Open Internaziunale di Purtichju"]
[Site "?"]
[Date "2018.07.01"]
[Round "3.3"]
[White "Zhigalko, Sergei"]
[Black "Le Roux, Jean-Pierre"]
[Result "1-0"]
[WhiteElo "2610"]
[BlackElo "2544"]
[PlyCount "103"]
[EventDate "2018.??.??"]

1. e4 c6 2. d4 d5 3. e5 Bf5 4. Nf3 e6 5. Be2 Nd7 6. O-O Ne7 7. Nbd2 c5 8. c4
cxd4 9. Nxd4 Bg6 10. N2f3 a6 11. Bg5 Be4 12. Rc1 Rc8 13. cxd5 Rxc1 14. Qxc1
Bxd5 15. Rd1 Qc8 16. Nf5 exf5 17. Qxc8+ Nxc8 18. Rxd5 Ncb6 19. Rd1 Be7 20. Be3
O-O 21. Nd4 g6 22. Bf3 Nxe5 23. Nxf5 gxf5 24. Bxb6 Bf6 25. Bd5 Rc8 26. b3 Rc2
27. a4 Nc6 28. g3 Be7 29. Be3 Bc5 30. Rc1 Rxc1+ 31. Bxc1 Nd4 32. Be3 a5 33.
Bxd4 Bxd4 34. Bxb7 Kg7 35. Bd5 Bc5 36. Kf1 Kf6 37. f4 Bb4 38. Ke2 Bc5 39. Kd3
Bb4 40. Kc4 Ke7 41. Kd4 Kf6 42. Bc4 Bd2 43. Kd5 Bb4 44. Bd3 Bf8 45. Kc6 Bb4 46.
Kd7 Bc5 47. Ke8 Bg1 48. b4 Bxh2 49. bxa5 Bxg3 50. a6 Bf2 51. Kd7 h5 52. Bf1 1-0

[Event "5u Open Internaziunale di Purtichju"]
[Site "?"]
[Date "2018.07.01"]
[Round "3.4"]
[White "Nevednichy, Vladislav"]
[Black "Lagarde, Maxime"]
[Result "1-0"]
[WhiteElo "2525"]
[BlackElo "2609"]
[PlyCount "75"]
[EventDate "2018.??.??"]

1. e4 c5 2. Nf3 Nc6 3. Bb5 g6 4. Bxc6 bxc6 5. O-O Bg7 6. Re1 Nh6 7. c3 O-O 8.
h3 f6 9. d4 Qb6 10. b3 cxd4 11. cxd4 d6 12. Nc3 Nf7 13. Bb2 e5 14. Rc1 Bd7 15.
Rc2 Rad8 16. Qe2 Rfe8 17. Qd1 Qa6 18. dxe5 dxe5 19. Qe2 Bc8 20. Qxa6 Bxa6 21.
Na4 f5 22. exf5 gxf5 23. Nh4 Bd3 24. Rxc6 Be4 25. Rc3 Bf6 26. Rg3+ Kh8 27. Nxf5
Bxf5 28. Rf3 Nh6 29. g4 Rd3 30. Ree3 Rd1+ 31. Kh2 Rg8 32. Rxe5 Rd2 33. Bc3 Rc2
34. Rexf5 Nxf5 35. Bxf6+ Ng7 36. Bd4 Rc7 37. Nc5 Re8 38. Ne6 1-0

[Event "5u Open Internaziunale di Purtichju"]
[Site "?"]
[Date "2018.07.01"]
[Round "3.5"]
[White "Cornette, Deimante"]
[Black "Cornette, Matthieu"]
[Result "1/2-1/2"]
[WhiteElo "2467"]
[BlackElo "2597"]
[PlyCount "61"]
[EventDate "2018.??.??"]

1. e4 c5 2. Nf3 Nc6 3. d4 cxd4 4. Nxd4 e5 5. Nb5 d6 6. N1c3 a6 7. Na3 Be7 8.
Nc4 b5 9. Ne3 Nf6 10. g3 O-O 11. Bg2 b4 12. Ncd5 Nxd5 13. Nxd5 Bg5 14. Bxg5
Qxg5 15. O-O Rb8 16. Qd3 a5 17. a3 Be6 18. axb4 Nxb4 19. Nxb4 Rxb4 20. Qxd6 Rd8
21. Qc7 Rc8 22. Qxa5 Rxb2 23. f4 Qf6 24. f5 Rcxc2 25. Rf2 g6 26. Rxc2 Rxc2 27.
Qa4 Rb2 28. Qa3 Rc2 29. Qa4 Rb2 30. Qa3 Rc2 31. Qa4 1/2-1/2

[Event "5u Open Internaziunale di Purtichju"]
[Site "?"]
[Date "2018.07.01"]
[Round "3.6"]
[White "Deac, Bogdan-Daniel"]
[Black "Kasparov, Sergey"]
[Result "1-0"]
[WhiteElo "2582"]
[BlackElo "2456"]
[PlyCount "69"]
[EventDate "2018.??.??"]

1. c4 c5 2. Nf3 Nf6 3. g3 b6 4. Bg2 Bb7 5. O-O e6 6. Nc3 d6 7. Re1 Be7 8. e4
Nbd7 9. d4 cxd4 10. Nxd4 Qc7 11. Ndb5 Qb8 12. Bf4 Ne5 13. b3 a6 14. Nd4 O-O 15.
h3 Qc7 16. Rc1 Ned7 17. g4 g6 18. Nde2 Rac8 19. Ng3 Qb8 20. Qe2 Rfd8 21. g5 Ne8
22. h4 Bc6 23. Nd5 Bf8 24. Nb4 Bb7 25. Bd2 Nc7 26. Nd3 b5 27. f4 bxc4 28. bxc4
d5 29. cxd5 exd5 30. e5 Qa7+ 31. Kh2 d4 32. Bh3 Nc5 33. Bxc8 Rxc8 34. f5 Nd5
35. e6 1-0

[Event "5u Open Internaziunale di Purtichju"]
[Site "?"]
[Date "2018.07.01"]
[Round "3.7"]
[White "Rakotomaharo, Fy Antenaina"]
[Black "Donchenko, Alexander"]
[Result "0-1"]
[WhiteElo "2423"]
[BlackElo "2581"]
[PlyCount "92"]
[EventDate "2018.??.??"]

1. e4 c6 2. d4 d5 3. e5 Bf5 4. Nf3 e6 5. Be2 Ne7 6. Nbd2 Nd7 7. Nb3 h6 8. O-O
g5 9. Ne1 Qc7 10. a4 c5 11. Nxc5 Nxc5 12. dxc5 Nc6 13. Bd3 Qxe5 14. Nf3 Qf6 15.
Bxf5 Qxf5 16. Be3 Bg7 17. c3 O-O 18. a5 a6 19. Qb3 Rab8 20. Rfd1 Qf6 21. Ra4
Qg6 22. h4 g4 23. Ne1 h5 24. Nd3 Rfd8 25. Nf4 Qf5 26. Qa2 Be5 27. Ne2 Bc7 28.
Nd4 Qg6 29. Bg5 Rd7 30. Ne2 Qc2 31. Rd2 Qf5 32. Ng3 Qg6 33. Ne2 Re8 34. b3 f6
35. Be3 e5 36. b4 Red8 37. Qb3 Kh8 38. Ra1 d4 39. cxd4 exd4 40. Rad1 Be5 41.
Qc4 dxe3 42. Rxd7 Rxd7 43. Rxd7 Qf5 44. Qd3 Qxf2+ 45. Kh1 Qxh4+ 46. Kg1 Qe1#
0-1

[Event "5u Open Internaziunale di Purtichju"]
[Site "?"]
[Date "2018.07.01"]
[Round "3.8"]
[White "Tregubov, Pavel V."]
[Black "Ris, Robert"]
[Result "1-0"]
[WhiteElo "2581"]
[BlackElo "2431"]
[PlyCount "130"]
[EventDate "2018.??.??"]

1. d4 Nf6 2. c4 g6 3. g3 Bg7 4. Bg2 c5 5. Nf3 O-O 6. Nc3 cxd4 7. Nxd4 Nc6 8.
O-O Qa5 9. e3 d6 10. Bxc6 bxc6 11. Nxc6 Qc7 12. Nd5 Nxd5 13. cxd5 Bb7 14. Bd2
Rfc8 15. Qc2 Bxc6 16. Rac1 a5 17. Qxc6 Qxc6 18. Rxc6 Bxb2 19. Rb1 Rcb8 20. a4
f5 21. Kf1 Kf7 22. Ke2 Ba3 23. Rcb6 Rc8 24. Kd3 Bb4 25. Bxb4 axb4 26. R6xb4 Ra5
27. Rd4 Rac5 28. Rbb4 Rc2 29. Rdc4 R8xc4 30. Rxc4 Rxf2 31. Rc2 Rf1 32. Ra2 Rd1+
33. Kc4 Ke8 34. a5 Kd7 35. a6 Rc1+ 36. Kb5 Rb1+ 37. Ka5 Kc7 38. Ra4 Rc1 39. Rb4
Ra1+ 40. Kb5 Rc1 41. e4 fxe4 42. Rxe4 Rc5+ 43. Kb4 Kb6 44. Rxe7 Kxa6 45. Rxh7
Rxd5 46. Kc4 Rc5+ 47. Kd4 Kb6 48. h4 g5 49. h5 Rf5 50. Rg7 g4 51. h6 Rh5 52. h7
d5 53. Ke3 Rh1 54. Kf4 d4 55. Kxg4 Kc6 56. Kf3 Kd6 57. g4 Ke5 58. g5 d3 59. Ke3
Rh3+ 60. Kd2 Ke4 61. g6 Rh2+ 62. Kc3 Rc2+ 63. Kb3 Rh2 64. Rg8 d2 65. Kc2 Kd5
1-0

[Event "5u Open Internaziunale di Purtichju"]
[Site "?"]
[Date "2018.07.02"]
[Round "4.1"]
[White "Donchenko, Alexander"]
[Black "Zhigalko, Sergei"]
[Result "1-0"]
[WhiteElo "2581"]
[BlackElo "2610"]
[PlyCount "91"]
[EventDate "2018.??.??"]

1. c4 e5 2. g3 Nf6 3. Bg2 Nc6 4. Nc3 Bb4 5. Nd5 O-O 6. Nxb4 Nxb4 7. d3 d6 8. a3
Nc6 9. b4 h6 10. Bb2 Re8 11. e3 e4 12. dxe4 Nxe4 13. Ne2 Bf5 14. Nd4 Nxd4 15.
Qxd4 Qg5 16. O-O Qg6 17. f3 Ng5 18. g4 Bd3 19. Rfe1 Ne6 20. Qc3 b5 21. cxb5
Bxb5 22. h4 f5 23. Qc2 Rf8 24. Kh2 Kh7 25. gxf5 Qxf5 26. Qxf5+ Rxf5 27. f4 Raf8
28. Be4 d5 29. Bxf5+ Rxf5 30. Be5 g5 31. hxg5 hxg5 32. Kg3 d4 33. Kg4 Kg6 34.
e4 Rxf4+ 35. Bxf4 Nxf4 36. Kf3 Nd3 37. Red1 Kf6 38. Rxd3 Bxd3 39. Rd1 Bc4 40.
Rxd4 Be6 41. Rd8 Ke5 42. Ra8 g4+ 43. Ke3 g3 44. Rxa7 g2 45. Ra5+ Kf6 46. Kf2
1-0

[Event "5u Open Internaziunale di Purtichju"]
[Site "?"]
[Date "2018.07.02"]
[Round "4.2"]
[White "Tregubov, Pavel V."]
[Black "Deac, Bogdan-Daniel"]
[Result "1-0"]
[WhiteElo "2581"]
[BlackElo "2582"]
[PlyCount "41"]
[EventDate "2018.??.??"]

1. c4 c5 2. Nf3 Nc6 3. d4 cxd4 4. Nxd4 Nf6 5. Nc3 e6 6. g3 Qb6 7. Ndb5 Ne5 8.
Bg2 a6 9. Na4 Qa5+ 10. Nbc3 Nxc4 11. b3 Nb6 12. Nxb6 Qxb6 13. O-O Qa5 14. Bd2
Qd8 15. Bf4 Be7 16. Qc2 Nh5 17. Nd5 Nxf4 18. Nc7+ Kf8 19. Nxa8 d5 20. gxf4 Bd7
21. Qc7 1-0

[Event "5u Open Internaziunale di Purtichju"]
[Site "?"]
[Date "2018.07.02"]
[Round "4.3"]
[White "Fressinet, Laurent"]
[Black "Nevednichy, Vladislav"]
[Result "1/2-1/2"]
[WhiteElo "2649"]
[BlackElo "2525"]
[PlyCount "102"]
[EventDate "2018.??.??"]

1. d4 Nf6 2. Nf3 e6 3. c4 d5 4. Nc3 a6 5. cxd5 exd5 6. Bg5 Be6 7. e3 Nbd7 8.
Bd3 Bd6 9. O-O c6 10. Bf4 Qc7 11. Qd2 O-O 12. h3 Rfe8 13. Rac1 Rac8 14. Rfe1
Qb8 15. b3 h6 16. Kh1 Rcd8 17. Ng1 c5 18. Nge2 cxd4 19. exd4 Rc8 20. Bxd6 Qxd6
21. Ng3 Nb8 22. Nce2 Rxc1 23. Rxc1 Rc8 24. Rxc8+ Bxc8 25. b4 Bd7 26. a3 Qc7 27.
Nc3 Kf8 28. Nge2 Nc6 29. Bc2 Ne7 30. Bb3 a5 31. Qb2 axb4 32. axb4 Qd6 33. Qa3
Be8 34. Ba4 g6 35. Bxe8 Nxe8 36. Qa4 Nc7 37. b5 Kg7 38. Qa7 b6 39. Kg1 Nf5 40.
Qb7 h5 41. g3 Ne6 42. Qxd5 Qxd5 43. Nxd5 Nexd4 44. Nxd4 Nxd4 45. Nxb6 Nxb5 46.
Nd5 Nd4 47. Kg2 g5 48. g4 Kh6 49. gxh5 Kxh5 50. f4 gxf4 51. Nxf4+ Kh6 1/2-1/2

[Event "5u Open Internaziunale di Purtichju"]
[Site "?"]
[Date "2018.07.02"]
[Round "4.4"]
[White "Krasenkow, Michal"]
[Black "Abdusattorov, Nodirbek"]
[Result "1-0"]
[WhiteElo "2631"]
[BlackElo "2534"]
[PlyCount "55"]
[EventDate "2018.??.??"]

1. d4 e6 2. c4 b6 3. a3 Bb7 4. Nc3 f5 5. d5 Nf6 6. g3 Bd6 7. Bg2 O-O 8. Nh3 Na6
9. Nb5 Nc5 10. Nxd6 cxd6 11. b4 Na6 12. Bb2 e5 13. O-O Qe8 14. Qd3 Nh5 15. f4
e4 16. Qd4 Qg6 17. Nf2 Nf6 18. Nd1 h5 19. Bh3 h4 20. Ne3 Nh5 21. g4 fxg4 22.
Bxg4 Rxf4 23. Rxf4 Nxf4 24. Kh1 Rf8 25. Rg1 Rf7 26. Nf5 Ne6 27. Qxe4 Kh7 28.
Bh3 1-0